| 000 | 00398nam a2200145Ia 4500 | ||
|---|---|---|---|
| 008 | 231129s2015||||xx |||||||||||||| ||spa|| | ||
| 020 | _a978-958-57876-8-1 | ||
| 040 | _bspa | ||
| 082 | _a910.41 A553v | ||
| 100 | _aAndrade Mejía Tatiana | ||
| 245 | 0 | _aVoy al Sur | |
| 260 | _c2015 | ||
| 264 | _aBogotá Colombia : El Peregrino Ediciones | ||
| 942 |
_2ddc _cBKS |
||
| 999 |
_c26443 _d26443 |
||